Culture Générale - Série 543 - Statistiques

Statistiques générales
  • Ce quiz a été pris 224 fois
  • Le résultat moyen est 7 sur 10
Statistiques - réponses
Question Réponse % Correct
Au 19e siècle, dans quel art Richard Wagner s'est-il illustré ? musique
93%
Au billard américain, de quelle couleur est la bille de tir ? blanche
92%
Autour de quel roi les chevaliers de la Table ronde se réunissaient-ils ? Arthur
85%
Quelle plante grimpante est traditionnellement utilisée pour aromatiser la bière ? houblon
79%
Quel était le prénom de Vivaldi, le compositeur des "Quatre Saisons" ? Antonio
66%
En France, quelle femme s'est présentée six fois à l'élection présidentielle ? Arlette Laguiller
64%
Où danse-t-elle "tous les soirs" selon le titre d'une chanson de Jean-Pierre Mader, en 1985 ? Au Macumba
64%
Quel nom désigne le local d'une boulangerie où se trouve le four et où l'on pétrit la pâte ? fournil
54%
Quel prénom est associé à celui de Serge dans le titre d'un dessin animé sur le volley-ball ? Jeanne
52%
Qui chante le titre "Monospace" en 2003 ? Bénabar
12%
Aucun quiz correspondant
Distribution des résultats
% des personnes avec chaque résultat
Percentile par nombre de réponses
Votre historique - résultats
Vous n’avez pas pris ce quiz